[Event "BL2-Nord 1415"]
[Site "Germany"]
[Date "2014.12.07"]
[Round "4.4"]
[White "Wittje, Berthold"]
[Black "Brodowski, Piotr"]
[Result "0-1"]
[WhiteElo "2244"]
[BlackElo "2441"]
[PlyCount "100"]
[EventDate "2014.09.21"]
[EventType "team-tourn"]
[EventRounds "9"]
[EventCountry "GER"]
[SourceTitle "CBM 166 Extra"]
[Source "ChessBase"]
[SourceDate "2015.06.18"]
[SourceVersion "1"]
[SourceVersionDate "2015.06.18"]
[SourceQuality "1"]
[WhiteTeam "Oldenburg Union"]
[BlackTeam "Berlin Zehlendorf"]
[WhiteTeamCountry "GER"]
[BlackTeamCountry "GER"]

1. Nf3 c5 2. g3 Nc6 3. Bg2 g6 4. c4 Bg7 5. Nc3 a6 6. 0-0 Rb8 7. a4 d6 8. e3 Nf6 9. d4 0-0 10. b3 Bf5 11. Bb2 Nb4 12. Ne1 cxd4 13. exd4 d5 14. Ba3 a5 15. Rc1 e6 16. h3 h5 17. Qd2 Kh7 18. Nf3 Bh6 19. Ng5+ Bxg5 20. Qxg5 Bd3 21. Rfd1 dxc4 22. bxc4 Bxc4 23. Rb1 Nfd5 24. Qd2 Re8 25. Ne4 Bd3 26. Ng5+ Kg7 27. Rbc1 Bf5 28. Nf3 Be4 29. Qe2 Bxf3 30. Bxf3 b6 31. Qd2 Qd7 32. Rc4 Rbc8 33. Rdc1 Rxc4 34. Rxc4 Qxa4 35. Bc1 Qb3 36. Qh6+ Kg8 37. Be2 Nd3 38. Bxd3 Qxd3 39. Rc6 Qd1+ 40. Kg2 Qxd4 41. Kg1 a4 42. Qg5 b5 43. Rd6 b4 44. Rd7 b3 45. Rb7 Rc8 46. Kg2 Qe4+ 47. Kh2 Qf3 48. Qd2 a3 49. Bxa3 Rc2 50. Rb8+ Kh7 0-1

[Event "Oberliga Nord W 1314"]
[Site "Germany"]
[Date "2014.04.06"]
[Round "9.5"]
[White "Wittje, Berthold"]
[Black "Hampel, Felix"]
[Result "1-0"]
[WhiteElo "2241"]
[BlackElo "2121"]
[PlyCount "95"]
[EventDate "2013.10.13"]
[EventType "team-tourn"]
[EventRounds "9"]
[EventCountry "GER"]
[SourceTitle "EXT 2015"]
[Source "ChessBase"]
[SourceDate "2014.11.20"]
[SourceVersion "1"]
[SourceVersionDate "2014.11.20"]
[SourceQuality "1"]
[WhiteTeam "Oldenburg Union"]
[BlackTeam "Lister Turm"]
[WhiteTeamCountry "GER"]
[BlackTeamCountry "GER"]

1. Nf3 g6 2. d4 Bg7 3. e4 d6 4. Be2 a6 5. 0-0 Nd7 6. Be3 Ngf6 7. Nc3 0-0 8. h3 e5 9. Qd3 exd4 10. Bxd4 Re8 11. Rad1 b5 12. a4 b4 13. Nd5 a5 14. Nxf6+ Nxf6 15. Nd2 Ba6 16. Qf3 Bb7 17. Bc4 Qe7 18. Rfe1 Nd7 19. Bxg7 Kxg7 20. Bb5 c6 21. Bc4 d5 22. Ba2 d4 23. e5 Nxe5 24. Qg3 Qf6 25. Ne4 Qe7 26. f4 Nd7 27. Ng5 Qf6 28. Nxf7 c5 29. Ne5 Nb6 30. f5 Qxf5 31. Nd3 Be4 32. Rf1 Bxd3 33. Rxf5 Bxf5 34. Qc7+ Nd7 35. g4 Rac8 36. Qd6 Bxc2 37. Qxd7+ Kh6 38. Rf1 b3 39. Bb1 d3 40. h4 Rcd8 41. g5+ Kh5 42. Qxh7+ Kg4 43. Qxg6 Re5 44. Qf6 Red5 45. Rf4+ Kg3 46. Rf3+ Kg4 47. Kg2 Rd4 48. Rg3+ 1-0

[Event "Oberliga Nord W 1314"]
[Site "Germany"]
[Date "2014.02.09"]
[Round "6.6"]
[White "Wittje, Berthold"]
[Black "Degro, Heiko"]
[Result "1-0"]
[WhiteElo "2241"]
[BlackElo "2050"]
[PlyCount "95"]
[EventDate "2013.10.13"]
[EventType "team-tourn"]
[EventRounds "9"]
[EventCountry "GER"]
[SourceTitle "EXT 2015"]
[Source "ChessBase"]
[SourceDate "2014.11.20"]
[SourceVersion "1"]
[SourceVersionDate "2014.11.20"]
[SourceQuality "1"]
[WhiteTeam "Oldenburg Union"]
[BlackTeam "Hannover"]
[WhiteTeamCountry "GER"]
[BlackTeamCountry "GER"]

1. Nf3 d5 2. g3 c5 3. Bg2 Nc6 4. d4 e6 5. 0-0 Nf6 6. c4 Be7 7. cxd5 exd5 8. b3 0-0 9. Bb2 Re8 10. Nc3 Bg4 11. Rc1 cxd4 12. Nxd4 Qd7 13. Na4 Rac8 14. Re1 Bb4 15. Bc3 Ba3 16. Bb2 Bxb2 17. Nxb2 Nxd4 18. Qxd4 Rxc1 19. Rxc1 Rxe2 20. Bf1 Re8 21. Qxa7 Bh3 22. Qa4 Qe6 23. Nd3 Bxf1 24. Rxf1 Rd8 25. Re1 Qf5 26. Qd4 Ne4 27. Nf4 Ng5 28. Kg2 Ne6 29. Nxe6 fxe6 30. Qb6 Rf8 31. Qxe6+ Qxe6 32. Rxe6 Rd8 33. Kf3 Kf7 34. Rb6 Rd7 35. Ke3 g5 36. Kd4 g4 37. a4 h5 38. Rh6 Kg7 39. Rxh5 Kg6 40. Rxd5 Rf7 41. Rb5 Rxf2 42. Rxb7 Rxh2 43. a5 Ra2 44. Rb6+ Kf5 45. a6 Ra3 46. b4 Rxg3 47. a7 Ra3 48. Rb5+ 1-0

[Event "Oberliga Nord W 1314"]
[Site "Germany"]
[Date "2013.12.15"]
[Round "4.6"]
[White "Wittje, Berthold"]
[Black "Steingraeber, Kai Uwe"]
[Result "0-1"]
[WhiteElo "2241"]
[BlackElo "2137"]
[PlyCount "66"]
[EventDate "2013.10.13"]
[EventType "team-tourn"]
[EventRounds "9"]
[EventCountry "GER"]
[SourceTitle "EXT 2015"]
[Source "ChessBase"]
[SourceDate "2014.11.20"]
[SourceVersion "1"]
[SourceVersionDate "2014.11.20"]
[SourceQuality "1"]
[WhiteTeam "Oldenburg Union"]
[BlackTeam "Delmenhorst"]
[WhiteTeamCountry "GER"]
[BlackTeamCountry "GER"]

1. Nf3 d5 2. g3 Nf6 3. Bg2 c6 4. 0-0 Bg4 5. c4 Bxf3 6. Bxf3 e6 7. b3 Nbd7 8. Bb2 Bd6 9. e3 Ne5 10. Be2 h5 11. f4 Ng6 12. Nc3 h4 13. g4 d4 14. Na4 e5 15. fxe5 Bxe5 16. Bd3 Qc7 17. Qe2 0-0-0 18. Nc5 h3 19. Bf5+ Kb8 20. Nd3 dxe3 21. dxe3 Bxb2 22. Nxb2 Ne7 23. Rad1 Rxd1 24. Nxd1 Rh4 25. g5 Nxf5 26. gxf6 g6 27. Rf4 Rxf4 28. exf4 Qd7 29. Qe5+ Kc8 30. Nf2 Qd2 31. Nxh3 Ne3 32. Qe8+ Kc7 33. Qxf7+ Kb6 0-1

[Event "Oberliga Nord W 1213"]
[Site "Germany"]
[Date "2012.11.11"]
[Round "2.5"]
[White "Schmidt, Dennis"]
[Black "Wittje, Berthold"]
[Result "1/2-1/2"]
[WhiteElo "2063"]
[BlackElo "2244"]
[PlyCount "45"]
[EventDate "2012.10.14"]
[EventType "team-tourn"]
[EventRounds "9"]
[EventCountry "GER"]
[SourceTitle "EXT 2014"]
[Source "ChessBase"]
[SourceDate "2013.11.20"]
[SourceVersion "1"]
[SourceVersionDate "2013.11.20"]
[SourceQuality "1"]
[WhiteTeam "Hameln"]
[BlackTeam "Oldenburg Union"]
[WhiteTeamCountry "GER"]
[BlackTeamCountry "GER"]

1. e4 Nf6 2. Nc3 d5 3. exd5 Nxd5 4. Bc4 e6 5. Nf3 Be7 6. 0-0 0-0 7. d4 Nxc3 8. bxc3 c5 9. Qe2 Nc6 10. Bf4 cxd4 11. Rad1 Qa5 12. cxd4 Rd8 13. Qe4 Qh5 14. Be2 Qg6 15. Qe3 b6 16. Bd3 Qh5 17. Be4 Bb7 18. Ne5 Na5 19. Bxb7 Nxb7 20. Nc6 Rd7 21. Nb8 Rd8 22. Nc6 Rd7 23. Nb8 1/2-1/2

[Event "Oberliga Nord W 1112"]
[Site "Germany"]
[Date "2011.10.23"]
[Round "2.4"]
[White "Rust, Stephan"]
[Black "Wittje, Berthold"]
[Result "1/2-1/2"]
[WhiteElo "2216"]
[BlackElo "2254"]
[PlyCount "38"]
[EventDate "2011.10.02"]
[EventType "team-tourn"]
[EventRounds "9"]
[EventCountry "GER"]
[SourceTitle "EXT 2013"]
[Source "ChessBase"]
[SourceDate "2012.11.22"]
[SourceVersion "1"]
[SourceVersionDate "2012.11.22"]
[SourceQuality "1"]
[WhiteTeam "Hameln"]
[BlackTeam "Oldenburg Union"]
[WhiteTeamCountry "GER"]
[BlackTeamCountry "GER"]

1. Nf3 Nf6 2. d4 e6 3. Bf4 c5 4. c3 cxd4 5. cxd4 b5 6. e3 Qb6 7. Bd3 Nc6 8. Nbd2 Be7 9. h3 0-0 10. 0-0 Bb7 11. Rc1 Rfc8 12. Qe2 a6 13. Nb3 Nb4 14. Bb1 Bd5 15. Nfd2 a5 16. a3 Nc6 17. Nc5 d6 18. Nce4 Nxe4 19. Bxe4 Bxe4 1/2-1/2

[Event "Oberliga Nord W 1112"]
[Site "Germany"]
[Date "2011.10.02"]
[Round "1.4"]
[White "Wittje, Berthold"]
[Black "List, Joachim"]
[Result "1/2-1/2"]
[WhiteElo "2254"]
[BlackElo "2205"]
[PlyCount "46"]
[EventDate "2011.10.02"]
[EventType "team-tourn"]
[EventRounds "9"]
[EventCountry "GER"]
[SourceTitle "EXT 2013"]
[Source "ChessBase"]
[SourceDate "2012.11.22"]
[SourceVersion "1"]
[SourceVersionDate "2012.11.22"]
[SourceQuality "1"]
[WhiteTeam "Oldenburg Union"]
[BlackTeam "Uelzen Post"]
[WhiteTeamCountry "GER"]
[BlackTeamCountry "GER"]

1. Nf3 g6 2. d4 Bg7 3. g3 Nf6 4. Bg2 d5 5. c4 c6 6. cxd5 cxd5 7. Nc3 0-0 8. Ne5 e6 9. 0-0 Nfd7 10. f4 f5 11. b3 Qa5 12. Bd2 Nxe5 13. dxe5 Qb6+ 14. Rf2 Bd7 15. b4 Bb5 16. Nxb5 Qxb5 17. Rc1 Qb6 18. Qa4 a6 19. a3 Nc6 20. Qc2 Rfc8 21. Qd3 Bf8 22. Be3 Qb5 23. Rff1 Qxd3 1/2-1/2

[Event "Oberliga Nord W 1011"]
[Site "Germany"]
[Date "2011.04.10"]
[Round "9.4"]
[White "Wittje, Berthold"]
[Black "Juhnke, Karl"]
[Result "1/2-1/2"]
[WhiteElo "2274"]
[BlackElo "2199"]
[PlyCount "77"]
[EventDate "2010.10.10"]
[EventType "team-tourn"]
[EventRounds "9"]
[EventCountry "GER"]
[SourceTitle "EXT 2012"]
[Source "ChessBase"]
[SourceDate "2011.11.24"]
[SourceVersion "1"]
[SourceVersionDate "2011.11.24"]
[SourceQuality "1"]
[WhiteTeam "Oldenburg Union"]
[BlackTeam "Bremer SG"]
[WhiteTeamCountry "GER"]
[BlackTeamCountry "GER"]

1. Nf3 Nf6 2. g3 g6 3. Bg2 Bg7 4. c4 d6 5. d4 0-0 6. 0-0 Nc6 7. Nc3 a6 8. d5 Na5 9. Qd3 c5 10. e4 Rb8 11. Bd2 e5 12. Ne1 Nh5 13. Bf3 Bd7 14. Ng2 b5 15. b3 b4 16. Nd1 Nf6 17. Nde3 Nb7 18. a4 Qc8 19. Ra2 Ne8 20. Bd1 f5 21. f4 fxe4 22. Qxe4 Nf6 23. Qb1 exf4 24. Nxf4 Nd8 25. Bc1 Nf7 26. Re2 Ne5 27. Bb2 Nfg4 28. Nxg4 Bxg4 29. Ref2 Bh3 30. Nxh3 Qxh3 31. Rxf8+ Rxf8 32. Rxf8+ Kxf8 33. Qe4 Ke7 34. Be2 a5 35. Bc1 Bf6 36. Bf4 Qf5 37. Qxf5 gxf5 38. Kf2 Bg7 39. Bxe5 1/2-1/2